000
nam a22 7a 4500
999
_c
50767
_d
50767
003
OSt
005
20210402100505.0
008
210402b xxu||||| |||| 00| 0 eng d
040
_c
SEROSOFT
100
_a
CHANDRA RAMESH
245
_a
GUIDANCE AND COUNSELLING
300
_a
316
942
_2
ddc
_c
01